00370nam a2200145Ia 4500008004100000041000800041082001000049100001600059245003700075250000800112260006700120300001000187365000800197999001900205231011s9999 xx 000 0 und d aeng a658.4 aSharan S.B. aReadings in Behavioural Dynamics a1st bShroff Publishers & Distributers Navi Mumbai Navi Mumbaic2014 a145+7 b200 c908406d908406